Name That Muppet Quiz Stats

Quiz Updated May 28, 2014

Also try: The Muppets
Challenge
Share
Tweet
Embed
Score 0/19 Timer 05:00
2 Plays Today
Description Muppet % Correct
Star and host of The Muppet ShowKermit the Frog
99.3%
Prima donna (destined for stardom?)Miss Piggy
98%
'BEAT DRUMS! BEAT DRUMS!'Animal
85.3%
Incomprehensible preparer of foodstuffsSwedish Chef
77.7%
His catchphrase is 'Wocka wocka wocka!'Fozzie Bear
77.2%
Odd looking, unclassifiable alienGonzo
71.2%
Protects American morals and valuesSam the Eagle
60.2%
Resident short-sighted scientistDr Bunsen Honeydew
56.3%
Pug faced, mustachioed hecklerWaldorf
56.2%
Scruffy brown dog of indeterminate breed Rowlf the Dog
56.2%
Description Muppet % Correct
Grey-haired monobrow hecklerStatler
52.6%
Joke-cracking rodentRizzo the Rat
51.7%
He has been shrunk, cloned, deflated, turned invisible, blown up...Beaker
50.6%
Leader of the Electric Mayhem bandDr. Teeth
50.5%
Bespecled backstage 'gofer' Scooter
44.8%
Lead guitar player (and nurse)Janice
39.4%
Avian love of the above's lifeCamilla the Chicken
35.1%
Large, hairy ogreSweetums
33%
The above's pet poodleFoo-Foo
12.7%

You're not logged in!

Compare scores with friends on all Sporcle quizzes.
Sign Up with Email
OR
Log In

You Might Also Like...

Show Comments

Extras

Top Quizzes Today


Score Distribution

Your Account Isn't Verified!

In order to create a playlist on Sporcle, you need to verify the email address you used during registration. Go to your Sporcle Settings to finish the process.